000 00530nam a22001577a 4500
999 _c11667
_d11667
008 181218b ||||| |||| 00| 0 eng d
020 _a9715422888
082 _22001
_aDFil 899.211
_bP53
245 _aThe Wild Cat and the "Kakok" (Iloko)/
_cDamiana Eugenio [Compiler and editor]
260 _aQuezon City
_bUP Press
_cc2001.
300 _aPage 64-65;
_c23 cm.
500 _aPhilippine folk literature: the folk tales
650 _aFolklore
_933362
650 _aPhilippine folk literature--Collections
_933391
942 _2ddc
_cDFIL